[Event "Welcome Tournament for New Players #5"]
[Site "SchemingMind.com"]
[Date "2008.01.18"]
[Round "-"]
[White "dtedesco"]
[Black "bodek77"]
[Result "0-1"]
[WhiteCountry "CAN"]
[BlackCountry "POL"]
[WhiteElo "1336"]
[WhiteRD "55"]
[BlackElo "1786"]
[BlackRD "121"]
[GameID "137805"]

1. e4 e5 2. d3 Nc6 3. Nc3 Bc5 4. Qe2 Nd4 5. Qd1 Nf6 6. Nf3 Nxf3+ 7. Qxf3 d6 8. Be3 Bb4 9. O-O-O Bg4 10. Qg3 Bxd1
11. Nxd1 O-O 12. Bh6 Nh5 13. Qe3 gxh6 14. Be2 Nf4 15. a3 Bc5 16. Qg3+ Kh8 17. Ne3 Nxe2+ 18. Kd1 Nxg3 19. hxg3 Qf6 20. c3 Qxf2
21. Re1 Bxe3 22. Rxe3 Qxe3
0-1

[Event "Welcome Tournament for New Players #5"]
[Site "SchemingMind.com"]
[Date "2008.01.17"]
[Round "-"]
[White "dtedesco"]
[Black "the_pawn"]
[Result "0-1"]
[WhiteCountry "CAN"]
[BlackCountry "USA"]
[WhiteElo "1599"]
[WhiteRD "116"]
[BlackElo "1883"]
[BlackRD "152"]
[GameID "137806"]

1. d3 d5 2. h3 e5 3. e3 Nf6 4. Nc3 Nc6 5. a3 d4 6. exd4 exd4 7. Nce2 Be7 8. Nf3 O-O 9. Bf4 Re8 10. Qd2 Nd5
11. O-O-O b5 12. Nexd4 Nxd4 13. Nxd4 Nxf4 14. Qxf4 Bg5 15. Kb1 Bxf4 16. Ne2 Qd6 17. g3 Bb7 18. Rg1 Bf3 19. Rc1 Bxc1 20. Nxc1 Re1
21. g4 Qf4 22. Ka2 Qxc1 23. Kb3 Bd1 24. f4 Qxc2+ 25. Kb4 Qxb2+ 26. Kc5 Qc3+ 27. Kxb5 a6#
0-1

[Event "Welcome Tournament for New Players #5"]
[Site "SchemingMind.com"]
[Date "2008.01.18"]
[Round "-"]
[White "dtedesco"]
[Black "Gwynn"]
[Result "1-0"]
[WhiteCountry "CAN"]
[BlackCountry "GER"]
[WhiteElo "1599"]
[WhiteRD "116"]
[BlackElo "1450"]
[BlackRD "131"]
[GameID "137807"]

1. d3 e5 2. e4 d6 3. c4 Nc6 4. Be3 f5 5. Nd2 Be6 6. g3 Qf6 7. Be2 O-O-O 8. Nb3 b6 9. a3 Nge7 10. Bf3 g6
11. Qd2 Rd7 12. Ne2 Na5 13. Nxa5 bxa5 14. Qxa5 Bg7 15. Qxa7 c5 16. Qa6+ Kd8 17. Qa8+ Kc7 18. Qa6 Rb8 19. Nc3 Kd8 20. Nb5 fxe4
21. Bxe4 d5 22. Bxc5 Bg4 23. Qa5+ Ke8 24. cxd5 Bf8 25. O-O Nxd5 26. Bxd5 Rxd5 27. Nc7+ Kf7 28. Nxd5 Rxb2 29. Nxf6 Kxf6 30. Bxf8 Be2
31. Qd8+ Kf5 32. Rfc1 Rd2 33. Qd7+ Kg5 34. Rc5 Rxd3 35. Rxe5+ Kf6 36. Qe7#
1-0

[Event "Welcome Tournament for New Players #5"]
[Site "SchemingMind.com"]
[Date "2008.01.17"]
[Round "-"]
[White "dtedesco"]
[Black "MazetaFighter"]
[Result "0-1"]
[WhiteCountry "CAN"]
[BlackCountry "GRE"]
[WhiteElo "1599"]
[WhiteRD "116"]
[BlackElo "1780"]
[BlackRD "129"]
[GameID "137808"]

1. d3 e5 2. e4 d5 3. f3 Nf6 4. Ne2 Bc5 5. Bd2 Nc6 6. c3 dxe4 7. dxe4 Be6 8. Qc2 Qd7 9. b4 Bb6 10. Na3 O-O-O
11. f4 Nxe4 12. Nb1 Bf2+ 13. Kd1 Nxd2 14. Nxd2 Be3 15. Kc1 Bxd2+ 16. Kb2 exf4 17. Rd1 Bf5 18. Qa4 Rhe8 19. b5 Ne5 20. Qxa7 Nc4+
21. Kb3 Qxb5#
0-1

[Event "Welcome Tournament for New Players #5"]
[Site "SchemingMind.com"]
[Date "2008.01.18"]
[Round "-"]
[White "dtedesco"]
[Black "psyberduck"]
[Result "1-0"]
[WhiteCountry "CAN"]
[BlackCountry "USA"]
[WhiteElo "1466"]
[WhiteRD "55"]
[BlackElo "1374"]
[BlackRD "122"]
[GameID "137809"]

1. e4 e5 2. b3 Nc6 3. c3 Nf6 4. f3 d5 5. Bb5 a6 6. Bxc6+ bxc6 7. d3 d4 8. c4 Bb4+ 9. Bd2 c5 10. Bxb4 cxb4
11. Ne2 O-O 12. O-O Nh5 13. a3 Qg5 14. axb4 Bh3 15. Rf2 Nf4 16. Nxf4 Qxf4 17. gxh3 Qg5+ 18. Rg2 Qe3+ 19. Kh1 f5 20. c5 fxe4
21. dxe4 Rxf3 22. Nd2 Rxh3 23. Qg4 Qh6 24. Nc4 Rf8 25. Nxe5 Rxb3 26. Nd7 Rf4 27. Rxa6 Rxg4 28. Ra8+ Kf7 29. Rxg4 Qe6 30. c6 Qxg4
31. Ne5+ Ke6 32. Nxg4 Rb2 33. Ra7 d3 34. Rxc7 d2 35. Rd7 h5 36. Rd8 hxg4 37. c7 Rb1+ 38. Kg2 d1=Q 39. Rxd1 Rxd1 40. c8=Q+ Kf6
41. Qf8+ Ke5 42. Qxg7+ Kf4 43. Qc7+ Kxe4 44. Kg3 Kf5 45. Qf4+ Ke6 46. Qxg4+
1-0

[Event "Welcome Tournament for New Players #5"]
[Site "SchemingMind.com"]
[Date "2008.01.18"]
[Round "-"]
[White "Lucas the Pirate"]
[Black "dtedesco"]
[Result "1-0"]
[WhiteCountry "ISR"]
[BlackCountry "CAN"]
[WhiteElo "1746"]
[WhiteRD "193"]
[BlackElo "1336"]
[BlackRD "55"]
[GameID "137810"]

1. Nf3 f6 2. e4 b6 3. Bc4 Bb7 4. Nc3 Nh6 5. d4 e6 6. O-O Nc6 7. Bxh6 gxh6 8. d5 exd5 9. exd5 Ne5 10. Nxe5 fxe5
11. Qh5+ Ke7 12. Qxe5+ Kf7 13. Qxh8 Bd6 14. Qxh7+ Ke8 15. Rae1+ Qe7 16. Qg8#
1-0

[Event "Welcome Tournament for New Players #5"]
[Site "SchemingMind.com"]
[Date "2008.01.18"]
[Round "-"]
[White "bodek77"]
[Black "dtedesco"]
[Result "1-0"]
[WhiteCountry "POL"]
[BlackCountry "CAN"]
[WhiteElo "1786"]
[WhiteRD "121"]
[BlackElo "1336"]
[BlackRD "55"]
[GameID "137811"]

1. d4 Nf6 2. e3 d5 3. Nc3 Bf5 4. Bd3 Bxd3 5. Qxd3 e6 6. Nf3 Bd6 7. O-O Nc6 8. Qb5 Rb8 9. Ne5 O-O 10. Nxc6 bxc6
11. Qxc6 Rb6 12. Qa4 a6 13. h3 h6 14. Bd2 c6 15. Ne2 Ne4 16. Ba5 Bc7 17. Bxb6 Bxb6 18. Qxc6 Qb8 19. Qa4 Qd6 20. Qxa6 Rb8
21. a4 Bc7 22. Qxd6 Bxd6 23. b3 f5 24. Nf4 Re8 25. c4 g5 26. Ne2 dxc4 27. bxc4 f4 28. c5 Bc7 29. a5 f3 30. Ng3 Nxg3
31. fxg3 Bxg3 32. Rxf3
1-0

[Event "Welcome Tournament for New Players #5"]
[Site "SchemingMind.com"]
[Date "2008.01.18"]
[Round "-"]
[White "the_pawn"]
[Black "dtedesco"]
[Result "1-0"]
[WhiteCountry "USA"]
[BlackCountry "CAN"]
[WhiteElo "1883"]
[WhiteRD "152"]
[BlackElo "1599"]
[BlackRD "116"]
[GameID "137812"]

1. e4 e5 2. Nf3 d6 3. d4 Nc6 4. d5 Nce7 5. Nc3 a6 6. h3 f5 7. exf5 Bxf5 8. Bd3 h6 9. Nxe5 dxe5 10. Bxf5 g6
11. Be6 Bg7 12. O-O g5 13. Qh5+ Kf8 14. Qf7#
1-0

[Event "Welcome Tournament for New Players #5"]
[Site "SchemingMind.com"]
[Date "2008.01.18"]
[Round "-"]
[White "Gwynn"]
[Black "dtedesco"]
[Result "1-0"]
[WhiteCountry "GER"]
[BlackCountry "CAN"]
[WhiteElo "1450"]
[WhiteRD "131"]
[BlackElo "1599"]
[BlackRD "116"]
[GameID "137813"]

1. e4 e5 2. Bc4 d6 3. Qh5 g6 4. Qf3 Nh6 5. d3 Nc6 6. Bxh6 Qe7 7. Bxf8 Kxf8 8. c3 Be6 9. Nh3 Rd8 10. b4 Kg7
11. Nd2 Rhf8 12. O-O Qd7 13. Ng5 h6 14. Nxe6+ fxe6 15. Qg4 Rf6 16. Nf3 Rf4 17. Qh3 Rdf8 18. Rae1 a6 19. Re3 Qd8 20. g3 Rxf3
21. Kg2 Qf6 22. Rxf3 Qxf3+ 23. Kg1 Rf6 24. a4 Ne7 25. Bxe6 Qxd3 26. Qg4 Qxc3 27. h4 Qxb4 28. f4 Qc4 29. Bxc4 a5 30. f5 h5
31. Qg5 c5 32. fxg6 Rxf1+ 33. Kxf1 b6 34. Qxe7+ Kxg6 35. Qf7+ Kh6 36. Qf6+ Kh7 37. Bf7 d5 38. Qg6+ Kh8 39. Qg8#
1-0

[Event "Welcome Tournament for New Players #5"]
[Site "SchemingMind.com"]
[Date "2008.01.18"]
[Round "-"]
[White "MazetaFighter"]
[Black "dtedesco"]
[Result "1-0"]
[WhiteCountry "GRE"]
[BlackCountry "CAN"]
[WhiteElo "1920"]
[WhiteRD "98"]
[BlackElo "1336"]
[BlackRD "55"]
[GameID "137814"]

1. e4 e5 2. Nf3 d6 3. d4 Nc6 4. dxe5 dxe5 5. Qxd8+ Kxd8 6. Bc4 Ke7 7. Nc3 Nf6 8. Bg5 Be6 9. Nd5+ Bxd5 10. Bxd5 h6
11. Bh4 Rd8 12. Bxc6 bxc6 13. Nxe5 Ke6 14. Bxf6 Kxf6 15. Nd3 Bd6 16. O-O Rhe8 17. Rfe1 c5 18. f3 c4 19. Nf2 Bc5 20. Kf1 Bd4
21. c3 Bxf2 22. Kxf2 Rd2+ 23. Re2 Rxe2+ 24. Kxe2 Ke5= 25. Rd1 c6 26. b3 cxb3 27. axb3 f5 28. Rd4 Re6 29. g3 g5 30. Ra4 fxe4
31. Rxe4+ Kd6 32. Rxe6+ Kxe6 33. b4 Kd5 34. Kd3 c5 35. c4+ Kc6 36. b5+ Kd6 37. Ke4 Ke6 38. g4 Kd6 39. Kf5 Ke7 40. Kg6 Kf8
41. Kxh6 Kf7 42. Kxg5 Kg7 43. f4 Kf7 44. f5 Kg7 45. f6+ Kf7 46. Kf5 Kf8 47. Ke6 Ke8 48. f7+ Kf8 49. g5 Kg7 50. Ke7
1-0

[Event "Welcome Tournament for New Players #5"]
[Site "SchemingMind.com"]
[Date "2008.01.18"]
[Round "-"]
[White "psyberduck"]
[Black "dtedesco"]
[Result "0-1"]
[WhiteCountry "USA"]
[BlackCountry "CAN"]
[WhiteElo "1469"]
[WhiteRD "132"]
[BlackElo "1470"]
[BlackRD "56"]
[GameID "137815"]

1. e4 b6 2. d4 e6 3. Nc3 Bb7 4. Nf3 Nf6 5. Bd3 d6 6. O-O Nc6 7. Bf4 h6 8. d5 exd5 9. exd5 Ne7 10. Re1 Nxd5
11. Nd4 g6 12. Bc4 Qd7 13. Bb5 c6 14. Bc4 O-O-O 15. Ne4 Qc7 16. Bxd6 Qd7 17. h3 Bg7 18. Bxe7 Nxe7 19. Qg4 f5 20. Qf4 Qxd4
21. b3 Be5 22. Qe3 fxe4 23. Qxe4 Qxe4 24. Rxe4 Bxa1 25. Rxe7 Rhe8
0-1

[Event "Welcome Tournament for New Players #5"]
[Site "SchemingMind.com"]
[Date "2008.01.21"]
[Round "-"]
[White "Carl Lenox"]
[Black "Lucas the Pirate"]
[Result "0-1"]
[WhiteCountry "CAN"]
[BlackCountry "ISR"]
[WhiteElo "1225"]
[WhiteRD "58"]
[BlackElo "1789"]
[BlackRD "133"]
[GameID "137881"]

1. d4 e6 2. Nc3 Bb4 3. e3 Nf6 4. Nf3 O-O 5. a3 Bxc3+ 6. bxc3 d5 7. g3 Nbd7 8. Bh3 b6 9. O-O Ba6 10. a4 Bxf1
11. Kxf1 Ne4 12. Ra3 Ndf6 13. Ne5 c5 14. Bb2 Rc8 15. Qf3 Nd2+ 16. Ke2 Nxf3 17. Kxf3 Ne4 18. c4 cxd4 19. Bxd4 Qf6+ 20. Kg2 Nxf2
21. Bg4 Nxg4 22. Nxg4 Qe7 23. a5 Qxa3 24. c5 bxc5 25. Be5 d4 26. e4 d3 27. Ne3 dxc2 28. Nxc2 Qa2 29. Kh3 Qxc2 30. Bd6 h5
31. e5 g5 32. Be7 Qf5+ 33. Kg2 Rb8 34. Bxc5 Rb2+ 35. Kg1 Qb1#
0-1

[Event "Welcome Tournament for New Players #5"]
[Site "SchemingMind.com"]
[Date "2008.01.18"]
[Round "-"]
[White "Carl Lenox"]
[Black "bodek77"]
[Result "0-1"]
[WhiteCountry "CAN"]
[BlackCountry "POL"]
[WhiteElo "1193"]
[WhiteRD "94"]
[BlackElo "1786"]
[BlackRD "121"]
[GameID "137882"]

1. d4 d5 2. e3 e6 3. Nf3 Bd6 4. Bb5+ c6 5. Bd3 Nf6 6. b3 c5 7. Bb5+ Bd7 8. Qd3 a6 9. Ba4 b5 10. Nc3 bxa4
11. O-O axb3 12. a4 c4 13. Qd2 Ne4 14. Qd1 Nxc3 15. Qd2 Bb4 16. cxb3 cxb3 17. Ba3 Qb6 18. h3 Bxa4 19. Rac1 Bxa3 20. Rxc3 O-O
21. Ra1 b2 22. Rcxa3 b1=Q+ 23. Rxb1 Qxb1+ 24. Kh2 Bd7 25. Ng1 Rc8 26. Rc3 Bc6 27. e4 dxe4 28. Rb3 Qxb3
0-1

[Event "Welcome Tournament for New Players #5"]
[Site "SchemingMind.com"]
[Date "2008.01.18"]
[Round "-"]
[White "Carl Lenox"]
[Black "the_pawn"]
[Result "0-1"]
[WhiteCountry "CAN"]
[BlackCountry "USA"]
[WhiteElo "1245"]
[WhiteRD "152"]
[BlackElo "1883"]
[BlackRD "152"]
[GameID "137883"]

1. e4 c5 2. d3 Nc6 3. Nf3 g6 4. c4 Bg7 5. Ke2 Nf6 6. Nc3 d6 7. Be3 O-O 8. g3 Ng4 9. Bf4 Nd4+ 10. Nxd4 Bxd4
11. f3 Nf2 12. Qa4 Nxh1 13. Bg2 Nf2 14. Rf1 Nh3 15. Bh6 Re8 16. f4 Bg4+ 17. Kd2 a6 18. Bf3 b5 19. Qd1 Bxf3 20. Rxf3 Qa5
21. Ke2 Ng1+ 22. Kd2 Nxf3+ 23. Qxf3 b4 24. Nb5 b3+ 25. Kd1 bxa2 26. Nc7 a1=Q+ 27. Kc2 Qxb2+ 28. Kd1 Qad2#
0-1

[Event "Welcome Tournament for New Players #5"]
[Site "SchemingMind.com"]
[Date "2008.01.18"]
[Round "-"]
[White "Carl Lenox"]
[Black "MazetaFighter"]
[Result "0-1"]
[WhiteCountry "CAN"]
[BlackCountry "GRE"]
[WhiteElo "1245"]
[WhiteRD "152"]
[BlackElo "1780"]
[BlackRD "129"]
[GameID "137885"]

1. e4 e5 2. Nf3 Nc6 3. d3 Bc5 4. Bg5 Nf6 5. Nc3 d6 6. g3 Bg4 7. Be2 h6 8. Bh4 Bxf3 9. Bxf3 g5 10. Bxg5 hxg5
11. O-O Qe7 12. b3 Bd4 13. Qd2 Bxc3 14. Qxc3 O-O-O 15. Qd2 g4 16. Qg5 gxf3 17. c4 Rh5 18. Qd2 Rdh8 19. Rfe1 Rxh2 20. Re3 Rh1#
0-1

[Event "Welcome Tournament for New Players #5"]
[Site "SchemingMind.com"]
[Date "2008.01.20"]
[Round "-"]
[White "Carl Lenox"]
[Black "psyberduck"]
[Result "1-0"]
[WhiteCountry "CAN"]
[BlackCountry "USA"]
[WhiteElo "1225"]
[WhiteRD "58"]
[BlackElo "1469"]
[BlackRD "132"]
[GameID "137886"]

1. e4 e5 2. Nf3 Nc6 3. d3 Bc5 4. c3 Nf6 5. Be3 d6 6. b4 Bxe3 7. fxe3 Ng4 8. Qe2 O-O 9. b5 Ne7 10. Qb2 Bd7
11. d4 a6 12. c4 c5 13. Nc3 Qa5 14. b6 Ba4 15. d5 Nxe3 16. Bd3 Ng6 17. Rb1 Nf4 18. Qd2 Nfxg2+ 19. Kf2 Rfe8 20. Bf1 Nxf1
21. Rhxf1 Nf4 22. Rg1 Ng6 23. Rbc1 Ne7 24. Ng5 Nc8 25. Rg3 Nxb6 26. Rf3 Nxc4 27. Qd3 b5 28. Rxf7 Qb4 29. Qh3 Qb2+ 30. Ne2 h6
31. Qh5 hxg5 32. Qg6
1-0

[Event "Welcome Tournament for New Players #5"]
[Site "SchemingMind.com"]
[Date "2008.01.18"]
[Round "-"]
[White "Carl Lenox"]
[Black "dtedesco"]
[Result "0-1"]
[WhiteCountry "CAN"]
[BlackCountry "CAN"]
[WhiteElo "1193"]
[WhiteRD "94"]
[BlackElo "1336"]
[BlackRD "55"]
[GameID "137887"]

1. e4 d6 2. Na3 Nc6 3. Bb5 Nf6 4. d3 e5 5. Nf3 h6 6. O-O Be6 7. Nc4 Bxc4 8. Bxc4 Qd7 9. b3 O-O-O 10. Be3 a6
11. Qe1 Nb4 12. Qxb4 Be7 13. Bxf7 g5 14. d4 d5 15. Qa5 c6 16. Nxe5 b6 17. Qxb6 Qb7 18. Qa5 Nxe4 19. Be6+ Kb8 20. c4 Rhe8
21. Rac1 Bd6 22. Nd3 Rxe6 23. f3 Bc7 24. Qe1 Bd6 25. c5 Bf4 26. Bf2 Bxc1 27. fxe4 dxe4 28. Bg3+ Ka7 29. Qxc1 exd3 30. Rf3 Rxd4
31. Qf1 d2 32. Rf8 d1=Q 33. h3 Qxf1+ 34. Kxf1 Rd1+ 35. Kf2 Qb5 36. Bb8+ Kb7 37. Rf7+ Kc8 38. Rf8+ Kb7 39. Kg3 Qxc5 40. Kh2 Qe5+
41. g3 Qe2+ 42. Rf2 Qxf2#
0-1

[Event "Welcome Tournament for New Players #5"]
[Site "SchemingMind.com"]
[Date "2008.01.18"]
[Round "-"]
[White "Lucas the Pirate"]
[Black "Carl Lenox"]
[Result "1-0"]
[WhiteCountry "ISR"]
[BlackCountry "CAN"]
[WhiteElo "1771"]
[WhiteRD "183"]
[BlackElo "1211"]
[BlackRD "78"]
[GameID "137889"]

1. e4 e5 2. Nf3 d6 3. Bb5+ c6 4. Bd3 Nf6 5. b3 Qb6 6. Ba3 Ng4 7. O-O Be6 8. Ng5 d5 9. Bxf8 Kxf8 10. Nxe6+ Kg8
11. Qxg4 fxe6 12. Qxe6+ Kf8 13. Qc8+ Ke7 14. Qxh8 Kf7 15. exd5 Kf6 16. Nc3 a5 17. Ne4+ Kf7 18. Ng5+ Ke7 19. Rfe1 c5 20. Rxe5+ Kf6
21. Rf5+ Kg6 22. Qxh7#
1-0

[Event "Welcome Tournament for New Players #5"]
[Site "SchemingMind.com"]
[Date "2008.01.18"]
[Round "-"]
[White "bodek77"]
[Black "Carl Lenox"]
[Result "1-0"]
[WhiteCountry "POL"]
[BlackCountry "CAN"]
[WhiteElo "1698"]
[WhiteRD "168"]
[BlackElo "1245"]
[BlackRD "152"]
[GameID "137890"]

1. e4 e5 2. Nf3 Nf6 3. Nxe5 d6 4. Nc4 Nc6 5. d3 Bg4 6. Be2 Be6 7. O-O Nd4 8. c3 Nb5 9. a4 Nxc3 10. Nxc3 a5
11. e5 Nh5 12. Bxh5 g6 13. Bf3 Ra7 14. Nb5 Ra6 15. Bxb7 Rb6 16. Nxb6 cxb6 17. exd6 Qd7 18. Qf3 h5 19. Bc6 Kd8 20. Bxd7 Kxd7
21. Qb7+ Kd8 22. Bg5+ Ke8 23. Qc7 h4 24. Qd8#
1-0

[Event "Welcome Tournament for New Players #5"]
[Site "SchemingMind.com"]
[Date "2008.01.18"]
[Round "-"]
[White "the_pawn"]
[Black "Carl Lenox"]
[Result "1-0"]
[WhiteCountry "USA"]
[BlackCountry "CAN"]
[WhiteElo "1883"]
[WhiteRD "152"]
[BlackElo "1245"]
[BlackRD "152"]
[GameID "137891"]

1. e4 e5 2. Bc4 d6 3. f4 Nh6 4. Nf3 Nc6 5. d3 Bg4 6. h3 Bh5 7. O-O Be7 8. g4 Bg6 9. f5 Bxf5 10. exf5 O-O
11. Nc3 g6 12. Bxh6 Re8 13. fxg6 hxg6 14. Bxf7+ Kxf7 15. Ng5+ Kg8 16. Qf3 a5 17. Qf7+ Kh8 18. Qg7#
1-0

[Event "Welcome Tournament for New Players #5"]
[Site "SchemingMind.com"]
[Date "2008.01.18"]
[Round "-"]
[White "Gwynn"]
[Black "Carl Lenox"]
[Result "1-0"]
[WhiteCountry "GER"]
[BlackCountry "CAN"]
[WhiteElo "1450"]
[WhiteRD "131"]
[BlackElo "1245"]
[BlackRD "152"]
[GameID "137892"]

1. e4 e5 2. Nf3 d6 3. Qe2 Bd7 4. d4 Nc6 5. c3 Nf6 6. Bg5 Be7 7. h3 h6 8. Bh4 g5 9. Bg3 g4 10. d5 gxf3
11. Qxf3 Rg8 12. dxc6 Bxc6 13. Bc4 Bxe4 14. Qe3 c6 15. Qxh6 Bf8 16. Qe3 Qa5 17. b4 Qd8 18. Nd2 Bxg2 19. Ne4 d5 20. Nd2 dxc4
21. Qxe5+ Kd7 22. Rd1 Bg7 23. Rg1 Re8 24. Ne4+ Nd5 25. Qf5+ Re6 26. Qxf7+ Re7 27. Qf5+ Re6 28. Rxg2 Qh8 29. Bd6 Re8 30. Rg4 Bxc3+
31. Kf1 Qxh3+ 32. Ke2 Qh6 33. Kf1 Qh1+ 34. Ke2 Qh8 35. Kf3 Qh3+ 36. Bg3 Be5 37. Nc5+ Kc7 38. Nxe6+ Kb6 39. Qxe5 Qh7 40. Qd4+ Ka6
41. Nc7+ Nxc7 42. Qxc4+ Nb5 43. a4 b6 44. axb5+ Kb7 45. Qxc6#
1-0

[Event "Welcome Tournament for New Players #5"]
[Site "SchemingMind.com"]
[Date "2008.01.19"]
[Round "-"]
[White "MazetaFighter"]
[Black "Carl Lenox"]
[Result "1-0"]
[WhiteCountry "GRE"]
[BlackCountry "CAN"]
[WhiteElo "1780"]
[WhiteRD "129"]
[BlackElo "1245"]
[BlackRD "152"]
[GameID "137893"]

1. e4 e5 2. Nf3 d6 3. d4 Nc6 4. Bc4 Nf6 5. Nc3 g6 6. dxe5 b6 7. exf6 a6 8. O-O Qxf6 9. Nd5 Qd8 10. Bg5 Ne7
11. Nf6#
1-0

[Event "Welcome Tournament for New Players #5"]
[Site "SchemingMind.com"]
[Date "2008.01.18"]
[Round "-"]
[White "psyberduck"]
[Black "Carl Lenox"]
[Result "1-0"]
[WhiteCountry "USA"]
[BlackCountry "CAN"]
[WhiteElo "1620"]
[WhiteRD "155"]
[BlackElo "1230"]
[BlackRD "65"]
[GameID "137894"]

1. e4 e5 2. Nf3 d6 3. Nc3 Nc6 4. Bc4 a6 5. O-O b5 6. Bd5 Bb7 7. d4 Nf6 8. Bg5 h6 9. Bxc6+ Bxc6 10. d5 Be7
11. Bxf6 Bxf6 12. dxc6 O-O 13. Nd5 a5 14. Nxf6+ gxf6 15. Nh4 Ra6 16. Qg4+ Kh7 17. Nf5 Rg8 18. Qh5 Rg6 19. Rae1 Rxc6 20. Re3 Rxc2
21. Rg3 Qg8 22. Ne7 Qa8 23. Nxg6 fxg6 24. Qxg6+ Kh8 25. Qg7#
1-0

[Event "Welcome Tournament for New Players #5"]
[Site "SchemingMind.com"]
[Date "2008.01.18"]
[Round "-"]
[White "dtedesco"]
[Black "Carl Lenox"]
[Result "1-0"]
[WhiteCountry "CAN"]
[BlackCountry "CAN"]
[WhiteElo "1599"]
[WhiteRD "116"]
[BlackElo "1245"]
[BlackRD "152"]
[GameID "137895"]

1. Nc3 e5 2. e3 Nc6 3. Bc4 Nf6 4. Nf3 Bc5 5. d4 O-O 6. Qd3 Nb4 7. Qf5 d6 8. Qg5 h6 9. Qg3 Nxc2+ 10. Ke2 Ne4
11. Qh4 Nf6 12. Bd2 Nxa1 13. Rxa1 Bg4 14. Nd5 Bf5 15. a3 c6 16. Nc3 Qe8 17. Kf1 exd4 18. exd4 Bb6 19. Bxh6 Ng4 20. Bxg7 d5
21. Qh8#
1-0